000 01237nam a2200397 c 4500
001 52377
003 ES-MaCES
005 20250203133957.0
008 220712s2022 sp 000 | spa d
017 _aAB 226-2022
_bDL
020 _a9788418330889
040 _aES-MaCES
_bspa
_cES-MaCES
100 1 _922614
_aRoqueta Buj, Remedios
245 1 3 _aEl acceso al empleo público
_cRemedios Roqueta Buj, Carlos L. Alfonso Mellado
250 _a1ª ed
260 _aAlbacete
_bBomarzo
_c2022
300 _a152 p.
_c24 cm
490 1 _aColección Estudios
504 _aBibliografía: p. 149-152
541 _cCompra
650 4 _aempleo
_928299
650 4 _afunción pública
_927225
650 4 _afuncionario
_927224
650 4 _aselección
_930039
650 4 _acontratación
_928323
650 4 _aprocedimiento administrativo
_930919
650 4 _aprocedimiento laboral
_930887
650 4 _aderecho del trabajo
_927165
650 4 _aEspaña
_926964
650 4 _arégimen jurídico
_929894
653 1 0 _aDerecho del trabajo y Seguridad Social
700 1 _95913
_aAlfonso Mellado, Carlos Luis
830 0 _aColección Estudios (Editorial Bomarzo)
_939568
902 _aLIB Libro
942 _2CES
_cBK
_h6.0.1.
999 _c52377
_d52377